00436nam a2200133Ia 4500008004100000024001800041082002300059100006200082245005500144260002600199600002700225650003300252999001700285260210s9999 xx 000 0 und d aNot available a668.4126298072 SYE aSyed Faiz Ahmed, Ahmed Ali Shams & Muhammad Azam Khan 0aIndustrial Automation of Injection Molding Machine aKarachi:bUITU,c2001 aElectronic Engineering aBachelor of Engineering (BE) c32871d32871